Desarrollo industrial, generación de empleo e integración regional [Borrador]

Guardat en:
Dades bibliogràfiques
Autor principal: Pfaller, Alfred
Format: Text
Publicat: s.n.t. :
Etiquetes: Afegir etiqueta
Sense etiquetes, Sigues el primer a etiquetar aquest registre!

MARC

LEADER 00000 a a2200000 04500
001 17063
003
040
090 |a 007700  
100 |a Pfaller, Alfred  
245 |a Desarrollo industrial, generación de empleo e integración regional [Borrador]  
260 |a s.n.t. :  
300 |a 13 p.  
999 |c 10882  |d 10882